000 01079nam a2200241 a 4500
001 000258322
003 AM-YeHGA
005 20260406125530.0
008 030904s1988 arm|||||||||||||||1|arm|d
020 _a5807701275
040 _aAM-YeHGA
041 0 _aarm
100 1 _aԲալայան, Զորի Հայկի,
_d1935-2026
_91491
245 1 0 _aԹևեր :
_bՎավերագրական վիպակ : Դպրոցական միջին և բարձր տարիքի համար /
_cԶ.Հ. Բալայան ; Խմբ.՝ Ա.Ա. Ղուկասյան ; Նկ.՝ Խ.Զ. Հակոբյան.
260 _aԵրևան :
_bԱրևիկ,
_c1988.
300 _a350 էջ :
_bգունանկ. ;
_c16 սմ.
600 1 4 _aՍտեփանյան, Նելսոն
650 1 4 _aՀայրենական մեծ պատերազմ, 1941-1945 թթ.
_9887
650 1 4 _aՀայ գրականություն
_xՎավերագրություն
700 1 _aՂուկասյան, Ամալյա Արմենակի,
_d1928-2016
_eխմբ.
_4edt
_92664
700 1 _aՀակոբյան, Խորեն Զավենի,
_d1945-
_eնկ.
_4art
_93428
942 _2udc
_cBK
999 _c93121
_d93121